KOHA-Header-6

پاکستان کی سیاسی تاریخ (Record no. 13528)

000 -LEADER
fixed length control field 00532nam a22001337a 4500
082 ## - DEWEY DECIMAL CLASSIFICATION NUMBER
Classification number 954.035
Item number ز ا ہ
100 ## - MAIN ENTRY--AUTHOR NAME
Personal name زاہد چودھری
245 ## - TITLE STATEMENT
Title پاکستان کی سیاسی تاریخ
Remainder of title جناح لیاقت تضاد اور پنجابی مہاجر تضاد
250 ## - EDITION STATEMENT
Edition statement جلد:چہارم
260 ## - PUBLICATION, DISTRIBUTION, ETC. (IMPRINT)
Place of publication لاہور
Name of publisher ادارہ مطالعہ تاریخ
Year of publication ٢٠١٣
300 ## - PHYSICAL DESCRIPTION
Number of Pages ٤١٠ صفحات
650 ## - SUBJECT ADDED ENTRY--TOPICAL TERM
Topical Term Pakistan, History, Pakistan ki siyasi tareekh, Jinnah, Liaquat, tazad, panjabi, mahajir,
942 ## - ADDED ENTRY ELEMENTS (KOHA)
Koha item type Books
Holdings
Withdrawn status Lost status Collection code Permanent Location Current Location Shelving location Date acquired Full call number Accession Number Koha item type
    Pakistan Studies / History MAJU MAJU Shelf No.A30 2022-12-07 954.035 ز ا ہ 10632 Books

Powered by Koha